LEADER 02644oas 2200901 a 450 001 9910145195803321 005 20260127110516.0 011 $a1932-8656 035 $a(DE-599)ZDB2278823-2 035 $a(OCoLC)70862231 035 $a(CONSER) 2006215069 035 $a(CKB)1000000000277314 035 $a(DE-599)2278823-2 035 $a(EXLCZ)991000000000277314 100 $a20060809a20079999 sy a 101 0 $aeng 135 $aurcnu|||||||| 181 $ctxt$2rdacontent 182 $cc$2rdamedia 183 $acr$2rdacarrier 200 14$aThe global South 210 $aBloomington, IN $cIndiana University Press$dİ2007- 311 1 $a1932-8648 606 $aGlobalization$xSocial aspects$zTropics$vPeriodicals 606 $aGlobalization$xSocial aspects$zSouthern Hemisphere$vPeriodicals 606 $aMondialisation$xAspect social$zRe?gions tropicales$vPe?riodiques 606 $aMondialisation$xAspect social$zHe?misphe?re sud$vPe?riodiques 606 $aGlobalizacja$2dbn 606 $aGlobalization$xSocial aspects$2fast$3(OCoLC)fst00943547 606 $aSocial conditions$2fast$3(OCoLC)fst01919811 607 $aTropics$xSocial conditions$vPeriodicals 607 $aSouthern Hemisphere$xSocial conditions$vPeriodicals 607 $aRe?gions tropicales$xConditions sociales$vPe?riodiques 607 $aHe?misphe?re sud$xConditions sociales$vPe?riodiques 607 $aSouthern Hemisphere$2fast 607 $aTropics$2fast 608 $aCasopiosmo socjologiczne.$2dbn 608 $aPeriodicals.$2fast 615 0$aGlobalization$xSocial aspects 615 0$aGlobalization$xSocial aspects 615 6$aMondialisation$xAspect social 615 6$aMondialisation$xAspect social 615 7$aGlobalizacja. 615 7$aGlobalization$xSocial aspects. 615 7$aSocial conditions 676 $a951.058 712 02$aIndiana University.$bPress. 712 02$aUniversity of Mississippi.$bCollege of Liberal Arts. 801 0$bNSD 801 1$bNSD 801 2$bDLC 801 2$bMUQ 801 2$bNUI 801 2$bNTE 801 2$bNSD 801 2$bOCLCQ 801 2$bHEBIS 801 2$bEYM 801 2$bOCLCQ 801 2$bOCLCF 801 2$bOCLCO 801 2$bOCL 801 2$bOCLCQ 801 2$bOCLCA 801 2$bVT2 801 2$bSFB 801 2$bOCLCQ 801 2$bCNMTR 801 2$bOCLCQ 801 2$bBWN 801 2$bEZC 801 2$bQGK 801 2$bOCLCL 801 2$bOCLCQ 906 $aJOURNAL 912 $a9910145195803321 996 $aThe global South$92484758 997 $aUNINA